000 00304nam a2200133 a 4500
005 20140412111237.0
008 001118s19uu xx 00 eng d
050 _aM 597
_bFi532 19_?
245 _aFish.
300 _a13 p. ; col.
440 _aMy picture library
650 _aFishes
999 _c102496
_d102496